Регионална библиотека "Любен Каравелов" - Русе

Високомолекулни съединения (Запис номер 5195)

MARC детайли
000 -Лидер
Контролно поле с фиксирана дължина 01460nam a2200337 c 4500
003 - Код на организацията, давaща контролен номер
Контролно поле BLK
005 - Дата и час на последна редакция
Контролно поле 20200311140738.0
008 - Елементи от данни с фиксирана дължина
fixed length control field 180412b bul|||||r ||||||| ||bul||
010 ## - Наследен системен номер
LC control number KNG00006377000
020 ## - Международен стандартен номер на книга ISBN
Международен стандартен номер на книга ISBN 954-07-0064-7
040 ## - Източник на каталожния запис
Идентификатор на билиотеката - собственик на записа BLK
041 ## - Код за език
Код за езика на текст/звукозапис или на отделно заглавие Български
Код за езика КДБФ Български
080 ## - УДК
Текстов определител УДК Зависимост на свойствата на веществата от техния атомно-молекулен строеж
УДК код - определител по УДК 544.16
УДК - код + определител 544.16
100 1# - Редна дума - Автор
Автор Консулов, Витан Бонев
Авторска отговорност първи автор
R(LIN) 249744
139 ## - Редно поле
Редна дума Консулов, Витан Бонев
Авторски знак Консти - К 83
245 10 - Сведения за заглавието
Заглавие Високомолекулни съединения
Редно поле (дума) Витан Бонев Консулов.
257 ## - Страна на издаване
Страна на създаване/издаване България
260 ## - Област на издателските данни
Име на издателя, разпространителя и проч. Унив. изд. Св. Климент Охридски
Година на издаване 1994
300 ## - Физическа характеристика
Страници 392 с.
Илюстрации и др. с ил.
Размери/Мащаб 24 см
380 ## - Жанр
Жанр Естествени науки. Математика
500 ## - Общи забележки
Забележка 556 тир.
650 #4 - Допълнително описание по предмет – тема
Основно описание – тема или топоним Високомолекулярни съединения
9 (RLIN) 150768
650 #4 - Допълнително описание по предмет – тема
Основно описание – тема или топоним Полимери - химия
9 (RLIN) 249745
650 #4 - Допълнително описание по предмет – тема
Основно описание – тема или топоним Полимеризация
9 (RLIN) 166815
650 #4 - Допълнително описание по предмет – тема
Основно описание – тема или топоним Поликондензация
9 (RLIN) 166811
852 ## - Местоположение
Форматна сигнатура Цб 181841
856 4# - Електронен адрес и достъп
Електронен формат pdf - файл
Път до файла /url/
856 4# - Електронен адрес и достъп
Електронен формат pdf - файл
Път до файла /url/
999 ## - СИСТЕМНИ КОНТРОЛНИ НОМЕРА
Koha biblionumber 5195
Koha biblioitemnumber 5195
942 ## - АРТИКУЛИ
Вид на библиотечния материал Книги
Скрит в OPAC Не
Koha issues (borrowed), all copies 2
Периодичен библиозапис Да
944 ## - СЪЗДАВАНЕ И РЕДАКЦИЯ на ЗАПИСА
Създаване/Редакция Създаване
Дата на регистрацията/редакция 15.01.2003
Служител, извършил регистрацията/редакцията AB_DOS
944 ## - СЪЗДАВАНЕ И РЕДАКЦИЯ на ЗАПИСА
Създаване/Редакция Редакция
Дата на регистрацията/редакция 15.01.2003
999 ## - СИСТЕМНИ КОНТРОЛНИ НОМЕРА
Koha biblioitemnumber 5195
Наличности
Код за отписване Код за изгубен артикул Източник на класификационната схема Код за повреда Коз за рестрикции Код за отдаване Артикулен № Име на библиотеката - собственик Име на библиотеката, в която се намира в момента Статус (Текущо местоположение) Дата на вписване в системата Местоположение - отдел Цена в лева Инвентарен номер Систематично азбучна сигнатура Баркод Номер на екземпляра Цена в евро Служебна бележка Служебен тип на артикула
  Не е изгубен Universal Decimal Classification Не е повреден без рестрикции ползва се в читалня 9225 Регионална библиотека "Любен Каравелов" Русе Регионална библиотека "Любен Каравелов" Русе Хранилище 2001-01-01 Хранилище 1.44 610964 Цб 181841 120000610964 1 0.74 Дата инв: 12.01.2015 Бележки инв: Цб2015 Книги
  Не е изгубен Universal Decimal Classification Не е повреден без рестрикции заемане за дома 9226 Регионална библиотека "Любен Каравелов" Русе Регионална библиотека "Любен Каравелов" Русе Заемна - подръчен фонд 2001-01-01 Заемна - подръчен фонд 8.00 657580 544/К 83 В 120000657580 2 4.09 Дата инв: 19.02.2018 Бележки инв: П2018 Книги
Изтеглен Не е изгубен Universal Decimal Classification Не е повреден без рестрикции заемане за дома 9227 Регионална библиотека "Любен Каравелов" Русе Регионална библиотека "Любен Каравелов" Русе Заемна - подръчен фонд 2001-01-01 Заемна - подръчен фонд 6.00 657581 544/К 83 В 657581 3 3.07 Дата инв: 02.02.2018 Бележки инв: П2018 Книги
Изтеглен Не е изгубен Universal Decimal Classification Не е повреден без рестрикции заемане за дома 9228 Регионална библиотека "Любен Каравелов" Русе Регионална библиотека "Любен Каравелов" Русе Заемна - подръчен фонд 2001-01-01 Заемна - подръчен фонд 6.00 657582 544/К 83 В 657582 4 3.07 Дата инв: 02.02.2018 Бележки инв: П2018 Книги
  Не е изгубен Universal Decimal Classification Не е повреден без рестрикции ползва се в читалня 9229 Регионална библиотека "Любен Каравелов" Русе Регионална библиотека "Любен Каравелов" Русе Читалня 2001-01-01 Читалня 8.00 657584 Ч 541/К 83 В 120000657584 5 4.09 Дата инв: 16.03.2017 Бележки инв: Ч2017 Книги
Vip Innovations Ltd, Rousse, Bulgaria 2025